[Event "Summer Cup"]
[Site "Wellington Chess Club"]
[Date "2022.02.24"]
[Round "4.7"]
[White "Van der Hoorn, Thomas"]
[Black "Langford, Josh"]
[Result "1/2-1/2"]
[WhiteElo "1942"]
[BlackElo "1986"]

1. e4 c6 2. d4 d5 3. e5 c5 4. dxc5 e6 5. a3 Bxc5 6. b4 Be7 7. Nf3 f6 8. Bb2 a5
9. b5 Nd7 10. c4 Nxe5 11. Nxe5 fxe5 12. cxd5 Nf6 13. Bxe5 Qxd5 14. Qxd5 exd5
15. Nc3 Bf5 16. Be2 Rd8 17. Bd4 O-O 18. O-O Rfe8 19. Bf3 Ne4 20. Rfe1 Bf6 21.
Bxf6 gxf6 22. Bxe4 dxe4 23. Red1 Rd3 24. Nd5 Re5 25. Ne3 Rxb5 26. Nxf5 Rxf5 27.
Rxd3 exd3 28. f3 Rb5 29. Kf2 Rb3 30. a4 Kf7 31. Ke3 Kg6 32. Rc1 Rb2 33. g4 Rxh2
34. Kxd3 Ra2 35. Rb1 Ra3+ 36. Ke2 Rxa4 37. Rxb7 Rb4 38. Ra7 a4 39. Ra5 h6 40.
Ke3 Rb3+ 41. Kf4 a3 42. Ra6 Kf7 43. Kg3 Ke7 44. Kf4 Kf7 45. Kg3 Ke7 46. Kf4 Kf7
1/2-1/2

[Event "Summer Cup"]
[Site "Wellington Chess Club"]
[Date "2022.02.24"]
[Round "4.8"]
[White "Young, Cohen"]
[Black "Cooke, Xandi"]
[Result "1-0"]
[WhiteElo "1982"]
[BlackElo "1535"]

1. e4 c5 2. Nf3 e6 3. d4 cxd4 4. Nxd4 a6 5. c4 Nf6 6. Nc3 Bb4 7. Qd3 Qc7 8. a3
Bxc3+ 9. Qxc3 O-O 10. Bd3 Qe5 11. f4 Qh5 12. e5 Ng4 13. Be2 Qg6 14. h3 Nh6 15.
g4 Qe4 16. Rg1 Nc6 17. Nxc6 dxc6 18. f5 Rd8 19. f6 b5 20. Bxh6 gxh6 21. Qc1 Qd4
22. Rg3 Qxe5 23. Qxh6 Qxg3+ 24. Kf1 Qf4+ 25. Qxf4 1-0

[Event "Summer Cup"]
[Site "Wellington Chess Club"]
[Date "2022.02.24"]
[Round "4.10"]
[White "Sellen, Ian"]
[Black "Malcolm, Aidan"]
[Result "1-0"]
[WhiteElo "2039"]
[BlackElo "1700"]

1. c4 e6 2. d4 d5 3. Nc3 Be7 4. Nf3 Nf6 5. Bg5 h6 6. Bh4 O-O 7. e3 Nbd7 8. Bd3
dxc4 9. Bxc4 c5 10. O-O cxd4 11. Nxd4 Nb6 12. Bb3 Bd7 13. Qe2 e5 14. Nf3 Bg4
15. Rfd1 Nfd7 16. Bg3 Qe8 17. e4 Bd8 18. h3 Bh5 19. Bh2 Bxf3 20. Qxf3 Nc5 21.
Nd5 Nxb3 22. Qxb3 Rc8 23. Rac1 Rxc1 24. Rxc1 Qe6 25. Bg3 Kh8 26. Rc3 Qg6 27.
Qc2 Re8 28. Ne3 Qe6 29. Ra3 Nc8 30. Ng4 f6 31. Ne3 Be7 32. Rb3 Nb6 33. Qe2 g6
34. h4 h5 35. Qb5 Rd8 36. Qa5 Ra8 37. Qb5 Rd8 38. a4 Rd7 39. a5 Nc8 40. Qa4 f5
41. f4 exf4 42. Bxf4 Bxh4 43. exf5 gxf5 44. Rc3 Rg7 45. Qc2 Nd6 46. Bxd6 Qxd6
47. Nxf5 Qe6 48. Nxg7 Qe1+ 49. Kh2 Qe5+ 50. Kh3 Kxg7 51. Kxh4 Qe1+ 52. Rg3+ 1-0

[Event "Summer Cup"]
[Site "Wellington Chess Club"]
[Date "2022.02.24"]
[Round "4.11"]
[White "Benitez, Edgar"]
[Black "Archer, Ollie"]
[Result "0-1"]
[WhiteElo "1997"]
[BlackElo "1752"]

1. b3 Nf6 2. Bb2 d5 3. Nf3 Bf5 4. g3 e6 5. Bg2 h6 6. O-O Bd6 7. d4 O-O 8. Nbd2
Nbd7 9. c4 c6 10. c5 Bc7 11. b4 Re8 12. Ne5 Nxe5 13. dxe5 Ng4 14. Nf3 Be4 15.
h3 Bxf3 16. hxg4 Bxg4 17. Qd4 Bxe2 18. Rfe1 Bh5 19. Rac1 a5 20. a3 axb4 21.
axb4 Qg5 22. Rc3 Bg4 23. Bc1 Qh5 24. Bf4 f6 25. f3 Bh3 26. Qf2 Bxg2 27. Kxg2 g5
28. g4 Qg6 29. Bg3 f5 30. Qc2 Kf7 31. gxf5 Qxf5 32. Qxf5+ exf5 33. e6+ Rxe6 34.
Rxe6 Kxe6 35. Bxc7 d4 36. Rc2 Kd5 37. Kf2 d3 38. Rd2 Kd4 39. Ba5 Kc3 40. b5+
Rxa5 41. bxc6 bxc6 42. Ke3 f4+ 0-1

[Event "Summer Cup"]
[Site "Wellington Chess Club"]
[Date "2022.02.24"]
[Round "4.12"]
[White "Darr, Samuel"]
[Black "Brockway, Andrew"]
[Result "1-0"]
[WhiteElo "1581"]
[BlackElo "1778"]

1. e4 c5 2. Nf3 g6 3. d4 cxd4 4. Nxd4 Nc6 5. Be3 Nf6 6. Nc3 Bg7 7. Be2 d6 8. h3
Bd7 9. Qd2 Qa5 10. Nb3 Qd8 11. O-O-O Na5 12. Nd4 a6 13. f4 Qc8 14. Nd5 Nxd5 15.
exd5 Nc4 16. Bxc4 Qxc4 17. Nb3 Bf5 18. g4 Be4 19. Rh2 a5 20. Bd4 f6 21. Kb1
Qxd5 22. Qe3 Qc6 23. Re1 d5 24. Nc5 O-O 25. Nxe4 dxe4 26. Qxe4 Qxe4 27. Rxe4 e5
28. fxe5 fxe5 29. Bc3 Rad8 30. a3 Rd5 31. Rhe2 Re8 32. b4 a4 33. Bb2 b5 34.
R4e3 Bh6 35. Rxe5 Rd1+ 36. Ka2 Rf8 37. Re1 Rd2 38. Kb1 Rc8 39. Bc1 Rdxc2 40.
Bxh6 { (Black resigned)  1-0} 1-0

[Event "Summer Cup"]
[Site "Wellington Chess Club"]
[Date "2022.02.24"]
[Round "4.14"]
[White "Winsley, Daniel"]
[Black "Carlyle, Mathieson"]
[Result "1-0"]
[WhiteElo "1808"]
[BlackElo "1622"]

1. e4 e6 2. d4 d5 3. e5 c5 4. Nf3 Nc6 5. Bb5 Bd7 6. O-O Nxe5 7. Bxd7+ Nxd7 8.
Bf4 Qb6 9. b3 cxd4 10. Qxd4 Qxd4 11. Nxd4 e5 12. Bxe5 Nxe5 13. Re1 O-O-O 14.
Rxe5 Bc5 15. c3 f6 16. Re2 Nh6 17. Nd2 Rhe8 18. Rae1 Rxe2 19. Rxe2 Bxd4 20.
cxd4 Nf5 21. Nf3 h5 22. h3 h4 23. Kh2 Kd7 24. g4 hxg3+ 25. fxg3 Rc8 26. g4 Rc3
27. gxf5 Rxf3 28. Rg2 Rxf5 29. Rxg7+ Kc6 30. Kg3 Rf1 31. Rf7 a5 32. h4 a4 33.
bxa4 Ra1 34. Rxf6+ Kd7 35. Rf7+ Kc6 36. h5 Rxa2 37. h6 Rxa4 38. Rf8 Ra1 39. h7
Rh1 40. h8=Q Rxh8 1-0

[Event "Summer Cup"]
[Site "Wellington Chess Club"]
[Date "2022.02.24"]
[Round "4.15"]
[White "Chukkala, Praveen Kiran"]
[Black "Lawrence, Hugo"]
[Result "0-1"]
[WhiteElo "1392"]
[BlackElo "1767"]

1. e3 Nf6 2. d4 c5 3. g3 cxd4 4. exd4 d5 5. Bg2 Bg4 6. Ne2 e6 7. O-O Nc6 8. a3
Qb6 9. c3 Bd6 10. b4 O-O 11. Bg5 Nd7 12. Qd2 Qb5 13. Re1 a5 14. Bh6 gxh6 15.
Qxh6 Bxe2 16. Nd2 Qd3 17. c4 Nxd4 18. cxd5 Nf5 19. Qg5+ Kh8 20. dxe6 Rg8 0-1

[Event "Summer Cup"]
[Site "Wellington Chess Club"]
[Date "2022.02.24"]
[Round "4.16"]
[White "Vachon, Mia"]
[Black "Webster, Jamie"]
[Result "0-1"]
[WhiteElo "1191"]
[BlackElo "1742"]

1. e4 e5 2. Nc3 Nf6 3. f4 d5 4. fxe5 Nxe4 5. Nf3 Bc5 6. d4 Bb4 7. Bd2 c5 8. Bd3
Nxd2 9. Qxd2 cxd4 10. Nxd4 Qh4+ 11. Qf2 Qxf2+ 12. Kxf2 Bxc3 13. bxc3 O-O 14.
Rab1 Nc6 15. Rhe1 Re8 16. Rb5 Nxe5 17. Rxd5 Nxd3+ 18. cxd3 Be6 19. Rde5 Bd7 20.
Re7 Rxe7 21. Rxe7 Rd8 22. Ke3 Kf8 23. Re5 Re8 24. Kf4 Rxe5 25. Kxe5 Ke7 26.
Nf5+ Bxf5 27. Kxf5 Kd6 28. Ke4 b5 29. Kd4 f5 30. g3 g5 31. h3 h5 32. g4 fxg4
33. hxg4 h4 34. Ke3 Kd5 35. Kf3 a5 36. a3 Kc5 37. Ke4 Kd6 38. d4 Ke6 39. d5+
Kd6 40. Kf5 h3 41. Kxg5 h2 0-1

[Event "Summer Cup"]
[Site "Wellington Chess Club"]
[Date "2022.02.24"]
[Round "4.17"]
[White "Hupert, Leo"]
[Black "Scott, Callum"]
[Result "0-1"]
[WhiteElo "1149"]
[BlackElo "1690"]

1. e4 c6 2. Nf3 d5 3. e5 Bg4 4. d4 e6 5. Be2 c5 6. O-O Nc6 7. c3 Qb6 8. Qa4 Nh6
9. h3 Bxf3 10. Bxf3 Nf5 11. Bg4 cxd4 12. Bxf5 exf5 13. cxd4 Qxd4 14. Rd1 Qxa4
15. Nc3 Qh4 16. Be3 f4 17. Bd4 Nxd4 18. Rxd4 Bc5 19. Rd2 f3 20. Re1 O-O 21.
Rxd5 Qxf2+ 0-1

[Event "Summer Cup"]
[Site "Wellington Chess Club"]
[Date "2022.02.24"]
[Round "4.18"]
[White "Ashe, Michael"]
[Black "Qu, Lucas"]
[Result "1-0"]
[WhiteElo "1675"]
[BlackElo "1289"]

1. d4 e6 2. c4 d5 3. Nc3 Bb4 4. a3 Bxc3+ 5. bxc3 Nf6 6. cxd5 Qxd5 7. Bf4 Ne4 8.
Qd3 Qf5 9. Bg3 Nxg3 10. Qxg3 Qa5 11. e4 Nc6 12. Qd3 O-O 13. Nf3 Rd8 14. Be2 e5
15. d5 Nd4 16. Nxd4 exd4 17. Qxd4 c5 18. Qd2 Re8 19. f3 Bd7 20. c4 Qxd2+ 21.
Kxd2 f5 22. Bd3 fxe4 23. fxe4 Rab8 24. Rhe1 b5 25. cxb5 Bxb5 26. Bxb5 Rxb5 27.
Kc3 Kf7 28. e5 Kg6 29. e6 Rb6 30. Re2 Kf6 31. Rf1+ Ke7 32. Rf7+ Kd6 33. Rd7#
1-0

[Event "Summer Cup"]
[Site "Wellington Chess Club"]
[Date "2022.02.24"]
[Round "4.20"]
[White "Jones, Christopher"]
[Black "Lynch, Oscar"]
[Result "1-0"]
[WhiteElo "1531"]
[BlackElo "1555"]

1. e4 d5 2. exd5 Nf6 3. d4 Nxd5 4. c4 Nb6 5. Nf3 e6 6. Be2 Bb4+ 7. Nbd2 Nc6 8.
a3 Be7 9. Ne4 f5 10. Ng3 Bf6 11. Be3 O-O 12. Qd2 e5 13. d5 f4 14. Bc5 Re8 15.
Ne4 Ne7 16. Nxf6+ gxf6 17. g3 e4 18. Nh4 f3 19. Bf1 Nd7 20. Bd4 Ne5 21. Qf4
Nd3+ 22. Bxd3 exd3 23. Kd2 Ng6 24. Qxf3 Ne5 25. Bxe5 Rxe5 26. Rae1 Qe8 27. Re3
Rxe3 28. fxe3 Qa4 29. Kxd3 Qb3+ 30. Ke2 Qxb2+ 31. Kf1 Bh3+ 32. Kg1 Qc1+ 33. Kf2
Qd2+ 34. Qe2 Qxe2+ 35. Kxe2 Bg4+ 36. Kd3 Rd8 37. h3 Bh5 38. g4 Bg6+ 39. e4 c6
40. Nxg6 hxg6 41. Kd4 b6 42. c5 Kf7 43. d6 Ke6 44. h4 bxc5+ 45. Kxc5 Rxd6 46.
h5 gxh5 47. gxh5 Rd8 48. h6 Kf7 49. Kxc6 Kg6 50. h7 Rh8 51. Kb7 a5 52. Kb6 f5
53. exf5+ Kxf5 54. Kxa5 Kg6 55. Kb6 Kg7 56. a4 Rb8+ 57. Kc7 Rh8 58. a5 Rxh7 59.
Rxh7+ Kxh7 60. a6 Kh8 61. a7 Kh7 62. a8=R Kg7 63. Rd8 Kf7 64. Rd6 Kg7 65. Re6
Kf7 66. Kd7 Kf8 67. Re7 Kg8 68. Ke6 Kh8 69. Rf7 Kg8 70. Kf6 Kh8 71. Kg6 Kg8 72.
Rf1 Kh8 73. Rf8# 1-0

[Event "Summer Cup"]
[Site "Wellington Chess Club"]
[Date "2022.02.24"]
[Round "4.21"]
[White "Asher, Bruce"]
[Black "Hooper, John"]
[Result "0-1"]
[WhiteElo "1166"]
[BlackElo "1081"]

1. e4 e6 2. Nc3 d5 3. exd5 exd5 4. d4 Nf6 5. Nf3 Be7 6. g3 O-O 7. Bg5 Re8 8.
Ne5 Ng4 9. f4 Nxe5 10. dxe5 h6 11. Bxe7 Rxe7 12. Nxd5 Rd7 13. c4 c6 14. Bg2
cxd5 15. cxd5 Qa5+ 16. Qd2 Qb5 17. b4 Nc6 18. Bf1 Qxd5 19. O-O-O Qxh1 20. Bd3
Qf3 21. Kc2 Nd4+ 22. Kb2 g6 23. Re1 Qc6 24. Rc1 Qe6 25. Bc4 Qb6 26. Qe1 Rd8 27.
Rd1 Bg4 28. Rd3 Nf3 29. Qc3 Rxd3 30. Qxd3 Qf2+ 31. Ka3 Kg7 32. e6 Bxe6 33. Bxe6
Qd4 34. Qxf3 fxe6 35. Qxb7+ Kf6 36. Qxa8 Qc3+ 37. Ka4 Qc2+ 38. Ka3 Qc3+ 39. Ka4
Qc2+ 40. Kb5 Qd3+ 41. Ka5 Qd5+ 42. Qxd5 exd5 43. b5 d4 44. Kb4 Kf5 45. Kc4 Ke4
46. a4 d3 47. Kc3 Ke3 48. a5 d2 49. Kc2 Ke2 50. b6 d1=Q+ 51. Kb2 axb6 52. axb6
Qd4+ 0-1

[Event "Summer Cup"]
[Site "Wellington Chess Club"]
[Date "2022.03.03"]
[Round "5.1"]
[White "Dive, Russell"]
[Black "Cilia Vincenti, David"]
[Result "1-0"]
[WhiteElo "2388"]
[BlackElo "2219"]

1. Nf3 d5 2. d4 Nf6 3. c4 e6 4. Nc3 a6 5. cxd5 exd5 6. Bg5 Be6 7. e3 Nbd7 8.
Bd3 Bd6 9. a3 c6 10. Rc1 O-O 11. O-O h6 12. Bh4 Rc8 13. Bb1 Re8 14. Re1 Qc7 15.
Bg3 Bxg3 16. hxg3 Qd6 17. Nd2 Bg4 18. Qc2 Bh5 19. Qb3 b5 20. Na2 Nb6 21. Bf5
Rc7 22. Qb4 Rd8 23. b3 Nfd7 24. Qxd6 1-0

[Event "Summer Cup"]
[Site "Wellington Chess Club"]
[Date "2022.03.03"]
[Round "5.2"]
[White "Chen, Wei Kai"]
[Black "Ker, Anthony"]
[Result "0-1"]
[WhiteElo "2007"]
[BlackElo "2441"]

1. e4 c5 2. Nf3 g6 3. d4 cxd4 4. Nxd4 Nc6 5. Nc3 Bg7 6. Nf3 Bxc3+ 7. bxc3 Qa5
8. Bd2 Nf6 9. Bd3 O-O 10. Nd4 d6 11. O-O Bd7 12. f3 Rfc8 13. Qe1 a6 14. Qf2 Qc5
15. Rab1 Rab8 16. h3 e5 17. Nxc6 Qxf2+ 18. Kxf2 Bxc6 19. Rb2 Re8 20. Rfb1 Rbc8
21. c4 Nd7 22. g4 Kf8 23. h4 Ke7 24. Rh1 Nc5 25. h5 Ne6 26. Rbb1 Rg8 27. Bb4
Rb8 28. Rbd1 b6 29. Ba3 Rgd8 30. Kg3 Rd7 31. Rh2 Rdb7 32. Rhd2 Rd8 33. hxg6
hxg6 34. Bf1 Nc5 35. Rb1 Kd7 36. Bd3 Kc7 37. Rh1 Bd7 38. Rh7 Be6 39. Rdh2 Kc6
40. Bc1 Rc7 41. Be3 Kb7 42. Rd2 Rdd7 43. f4 exf4+ 44. Bxf4 Bxc4 45. a3 Bxd3 46.
cxd3 Ne6 47. Be3 Rc3 48. a4 Nc5 49. Bxc5 dxc5 50. Kf4 Kc6 51. Rh3 c4 52. e5
Rcxd3 53. Rhxd3 Rxd3 54. Re2 Kd5 55. Rc2 b5 0-1

[Event "Summer Cup"]
[Site "Wellington Chess Club"]
[Date "2022.03.03"]
[Round "5.3"]
[White "Winter, Ryan"]
[Black "Young, Cohen"]
[Result "1/2-1/2"]
[WhiteElo "2186"]
[BlackElo "1982"]

1. e4 c5 2. Nf3 e6 3. d4 cxd4 4. Nxd4 Nf6 5. Nc3 Nc6 6. Nxc6 bxc6 7. e5 Nd5 8.
Ne4 Qc7 9. f4 Qb6 10. c4 Bb4+ 11. Ke2 f5 12. exf6 Nxf6 13. Be3 Qd8 14. Nd6+
Bxd6 15. Qxd6 Ne4 16. Qe5 Qf6 17. Qxf6 gxf6 18. Kf3 d5 19. Rc1 Rg8 20. cxd5
exd5 21. Bd4 Bg4+ 22. Ke3 Kd7 23. h3 Bh5 24. g4 Rae8 25. Kd3 Bf7 26. Bg2 f5 27.
Bf3 Kd6 28. Be5+ Kd7 29. Ke3 Nd6 30. b3 Bg6 31. Kf2 Nf7 32. Bd4 Nd6 33. Rhe1
fxg4 34. hxg4 Be4 35. Rh1 Re7 36. Be5 Bxf3 37. Kxf3 Ne4 38. Rh6 Rg6 39. Rch1
Rxh6 40. Rxh6 c5 41. Ra6 Kc8 42. Rh6 Kb7 43. Ke3 Nc3 44. a4 d4+ 45. Kd3 Nd1 46.
Rh4 Ne3 47. Bd6 Rf7 48. Bxc5 Ng2 49. Rh6 Nxf4+ 50. Kxd4 Ng6 51. Rh5 Nf4 52. Rf5
Rd7+ 53. Kc3 Ne2+ 54. Kb2 Ng3 55. Re5 Kc6 56. Be3 Nf1 57. Bf4 Nd2 58. Kc3 Nf3
59. Bg3 Nxe5 60. Bxe5 Kd5 61. Bf4 Ke4 62. Bh6 Rd6 63. g5 Kf5 64. Kc4 Ra6 65.
Kb5 Rb6+ 66. Kc4 a5 67. Bf8 Kxg5 68. b4 axb4 69. Bxb4 h5 70. a5 Rb8 71. a6 Ra8
72. Kb5 Rxa6 1/2-1/2

[Event "Summer Cup"]
[Site "Wellington Chess Club"]
[Date "2022.03.03"]
[Round "5.4"]
[White "Zaslow, Henry"]
[Black "Sellen, Ian"]
[Result "1/2-1/2"]
[WhiteElo "1932"]
[BlackElo "2039"]

1. e4 c5 2. Ne2 e5 3. Nbc3 Nf6 4. g3 d6 5. Bg2 Nc6 6. O-O Be7 7. d3 Rb8 8. a4
a6 9. Bg5 b5 10. axb5 axb5 11. Bxf6 Bxf6 12. Nd5 h5 13. h3 h4 14. g4 g5 15. Ne3
b4 16. Qd2 Nd4 17. Nxd4 exd4 18. Nd5 Be5 19. f4 gxf4 20. Nxf4 Qg5 21. Rf3 Bxg4
22. hxg4 h3 23. Bxh3 Bxf4 24. Qxf4 Qxf4 25. Rxf4 Rxh3 26. Ra7 Rh7 27. e5 b3 28.
cxb3 dxe5 29. Re4 Rxb3 30. Rxe5+ Kf8 1/2-1/2

[Event "Summer Cup"]
[Site "Wellington Chess Club"]
[Date "2022.03.03"]
[Round "5.5"]
[White "Langford, Josh"]
[Black "Perrin, Brent"]
[Result "1/2-1/2"]
[WhiteElo "1986"]
[BlackElo "1859"]

1. e4 d5 2. exd5 Qxd5 3. Nc3 Qd8 4. d4 Nf6 5. Nf3 Bg4 6. h3 Bxf3 7. Qxf3 c6 8.
Bf4 e6 9. O-O-O Bb4 10. Kb1 Bxc3 11. Qxc3 Nd5 12. Qg3 Nxf4 13. Qxf4 Nd7 14. g4
Qe7 15. Bg2 Nb6 16. Rhe1 O-O-O 17. Qe5 Qf6 18. f4 Rhe8 19. g5 Qxe5 20. fxe5 Kd7
21. Re4 Ke7 22. Rf1 Rf8 23. Rh4 Rh8 24. Rhf4 Rhf8 25. b3 Nd7 26. c3 f5 27.
gxf6+ gxf6 28. exf6+ Rxf6 29. Rh4 Rxf1+ 30. Bxf1 Nf6 31. Bd3 Rg8 32. Kc2 Rg2+
33. Kd1 h5 34. Be2 Nd5 35. Kd2 Nxc3 36. Kxc3 Rxe2 37. Rxh5 a5 38. Rxa5 Re3+ 39.
Kc4 Rxh3 40. Ra7 Kd6 41. Rxb7 Rh4 42. Kd3 Rh3+ 43. Kc4 Rh4 44. Rg7 c5 45. a4
1/2-1/2

[Event "Summer Cup"]
[Site "Wellington Chess Club"]
[Date "2022.03.03"]
[Round "5.6"]
[White "Archer, Ollie"]
[Black "Van der Hoorn, Thomas"]
[Result "0-1"]
[WhiteElo "1752"]
[BlackElo "1942"]

1. d4 d5 2. Nf3 Nf6 3. Bf4 c5 4. e3 cxd4 5. exd4 Bg4 6. Be2 e6 7. c3 Bd6 8.
Bxd6 Qxd6 9. Ne5 Bxe2 10. Qxe2 O-O 11. Nd2 Nc6 12. O-O a6 13. a4 Rab8 14. a5
Qc7 15. Nxc6 Qxc6 16. Nf3 b5 17. Ne5 Qc7 18. Nd3 Nd7 19. Nb4 Qb7 20. f4 Nf6 21.
f5 Rbe8 22. Qe5 exf5 23. Qxf5 Re2 24. Qg5 h6 25. Qg3 Ne4 26. Qe5 Nxc3 27. Qd6
Rxb2 28. Nxa6 Qc8 29. Nc5 Qg4 30. Rf2 Rxf2 31. Kxf2 Re8 32. Kf1 Qe2+ 33. Kg1
Qe3+ 34. Kf1 Qxd4 35. Nd7 Ne4 0-1

[Event "Summer Cup"]
[Site "Wellington Chess Club"]
[Date "2022.03.03"]
[Round "5.7"]
[White "Wevers, Alexis"]
[Black "Heyworth, Nicholas"]
[Result "1-0"]
[WhiteElo "1837"]
[BlackElo "1824"]

1. c4 Nf6 2. Nc3 e5 3. g3 Bb4 4. Bg2 Bxc3 5. bxc3 d6 6. e4 O-O 7. Ne2 Nbd7 8.
d4 Nb6 9. Qd3 Be6 10. d5 Bc8 11. O-O Nbd7 12. Qc2 Nc5 13. f4 exf4 14. Bxf4 Qe8
15. Nd4 Nfxe4 16. Rae1 f5 17. Nb3 Qa4 18. g4 Qxc4 19. Nxc5 Qxc5+ 20. Be3 Qc4
21. gxf5 Nf6 22. Bd4 Nxd5 23. f6 Nxf6 24. Bxf6 gxf6 25. Be4 f5 26. Qg2+ Kh8 27.
Bd5 Qxc3 28. Kh1 c6 29. Rg1 cxd5 30. Re7 Be6 31. Rxh7+ Kxh7 32. Qg6+ Kh8 33.
Qh6# 1-0

[Event "Summer Cup"]
[Site "Wellington Chess Club"]
[Date "2022.03.03"]
[Round "5.8"]
[White "Winsley, Nicholas"]
[Black "Darr, Samuel"]
[Result "1-0"]
[WhiteElo "1829"]
[BlackElo "1581"]

1. e4 e6 2. d4 d5 3. e5 c5 4. c3 Nc6 5. Nf3 Qb6 6. a3 Bd7 7. b4 c4 8. a4 Rc8 9.
Be2 g6 10. h4 Bh6 11. h5 Nxb4 12. Bxh6 Nxh6 13. Qd2 Nd3+ 14. Bxd3 cxd3 15. hxg6
Nf5 16. Rxh7 Rf8 17. g7 Rg8 18. Rh8 Ne7 19. Ng5 a5 20. Nh7 f5 21. Nf6+ Kf7 22.
Nxg8 Rxg8 23. Qh6 d2+ 24. Nxd2 1-0

[Event "Summer Cup"]
[Site "Wellington Chess Club"]
[Date "2022.03.03"]
[Round "5.10"]
[White "Scott, Callum"]
[Black "Rossiter, Philip"]
[Result "0-1"]
[WhiteElo "1690"]
[BlackElo "1756"]

1. c4 Nf6 2. Nc3 g6 3. g3 Bg7 4. Bg2 d6 5. d4 c6 6. e4 O-O 7. Nge2 Nbd7 8. O-O
Qc7 9. b4 a6 10. a4 Rb8 11. c5 dxc5 12. dxc5 Ne5 13. f4 Rd8 14. Qxd8+ Qxd8 15.
fxe5 Ng4 16. Rd1 Qc7 17. Ra2 Be6 18. Rc2 Bb3 19. Rcd2 Bxd1 20. Rxd1 Rd8 21. Rf1
Bxe5 22. Bh3 h5 23. Bxg4 hxg4 24. Nd1 Bd4+ 25. Kh1 Qe5 26. Nxd4 Qxd4 27. Be3
Qxe4+ 28. Kg1 Rxd1 0-1

[Event "Summer Cup"]
[Site "Wellington Chess Club"]
[Date "2022.03.03"]
[Round "5.12"]
[White "Asher, Bruce"]
[Black "Benitez, Edgar"]
[Result "0-1"]
[WhiteElo "1166"]
[BlackElo "1997"]

1. e4 d5 2. exd5 Qxd5 3. Nf3 Nf6 4. Nc3 Qa5 5. d4 c6 6. Bd2 Qd8 7. h3 Bf5 8.
Bc4 e6 9. O-O Bd6 10. Ne5 Nbd7 11. Bf4 Qc7 12. Qd2 Nxe5 13. dxe5 Bxe5 14. Bxe5
Qxe5 15. Rfe1 Qc5 16. Bd3 Bxd3 17. Qxd3 Rd8 18. Qe3 Qxe3 19. Rxe3 Rd2 20. Re2
Rd4 21. g4 Ke7 22. g5 Nh5 23. Ne4 Rhd8 24. Nc3 Nf4 25. Re3 Rd2 26. Rc1 R8d4 27.
a3 b5 28. b4 Rc4 29. Kf1 a6 30. Ne4 Rdxc2 31. Rce1 Ra2 32. Nc5 Rcc2 33. Rf3 Nd5
34. Nxa6 Nb6 35. Nb8 Nd5 36. Rd1 e5 37. Rf5 Ke6 38. Rf3 f5 39. Na6 g6 40. Nc5+
Kd6 41. Nb7+ Kc7 42. Nc5 e4 43. Ne6+ Kb6 44. Rg3 Rxf2+ 45. Kg1 f4 46. Rg4 Ne3
47. Nxf4 Nxg4 48. Rd6 Ra1+ 0-1

[Event "Summer Cup"]
[Site "Wellington Chess Club"]
[Date "2022.03.03"]
[Round "5.13"]
[White "Brockway, Andrew"]
[Black "Turner, Giles"]
[Result "1-0"]
[WhiteElo "1778"]
[BlackElo "1265"]

1. e4 c6 2. d4 d5 3. exd5 cxd5 4. Bd3 Nf6 5. Bf4 Bg4 6. Nf3 e6 7. Nbd2 Bd6 8.
Bxd6 Qxd6 9. c3 h6 10. Qb3 Qc7 11. Ne5 Nc6 12. Nxc6 bxc6 13. h3 Bh5 14. Qc2 O-O
15. g4 Bg6 16. Bxg6 fxg6 17. O-O-O g5 18. Rde1 Kf7 19. Re5 c5 20. Rhe1 cxd4 21.
Rxe6 Kg8 22. Re7 Qh2 23. Qg6 Ne8 24. Rxe8 Qxf2 25. Qe6+ Qf7 26. Qxf7+ Kxf7 27.
Rxf8+ Rxf8 28. Rf1+ Kg8 29. Rxf8+ Kxf8 30. cxd4 Kf7 31. Nf3 Kg6 32. Kd2 h5 33.
Kc3 1-0

[Event "Summer Cup"]
[Site "Wellington Chess Club"]
[Date "2022.03.03"]
[Round "5.15"]
[White "Qu, Lucas"]
[Black "Farrington, Lawrence"]
[Result "0-1"]
[WhiteElo "1289"]
[BlackElo "1647"]

1. e4 e6 2. Nf3 d5 3. e5 c5 4. d4 Nc6 5. Bb5 Bd7 6. Bxc6 Bxc6 7. Nc3 Qb6 8. O-O
cxd4 9. Nxd4 Bb4 10. Nxc6 Qxc6 11. Qg4 Ne7 12. Qxb4 O-O-O 13. Qxe7 Rhf8 14. Qb4
Kb8 15. Bg5 f6 16. exf6 gxf6 17. Bf4+ e5 18. Bh6 Rg8 19. Qe7 d4 20. Ne2 Qxg2#
0-1

[Event "Summer Cup"]
[Site "Wellington Chess Club"]
[Date "2022.03.03"]
[Round "5.16"]
[White "Lavender, Ariel"]
[Black "Hupert, Leo"]
[Result "1-0"]
[WhiteElo "1395"]
[BlackElo "1149"]

1. d4 d5 2. c4 e6 3. Nc3 Nf6 4. Bg5 Bb4 5. Qc2 h6 6. Bh4 g5 7. Bg3 Ne4 8. a3
Be7 9. Nxe4 dxe4 10. Qxe4 f5 11. Qe3 f4 12. Bxf4 gxf4 13. Qxf4 Bg5 14. Qe4 Qf6
15. h4 Bf4 16. g3 Bd6 17. Bh3 Nc6 18. Rd1 Rf8 19. Nf3 Na5 20. c5 Be7 21. O-O
Nc4 22. Qc2 Na5 23. Ne5 Rg8 24. Qa4+ Nc6 25. Nxc6 Qxh4 26. Ne5+ Kf8 27. Kh2 Qh5
28. Qc2 Bf6 29. Qe4 Bxe5 30. dxe5 Qf7 31. Rd8+ Kg7 32. Qg4+ Kh8 33. Rxg8+ Qxg8
34. Qxg8+ Kxg8 35. Rd1 Kf7 36. Rd8 c6 37. e4 Rb8 38. f4 b5 39. b4 1-0

[Event "Summer Cup"]
[Site "Wellington Chess Club"]
[Date "2022.03.03"]
[Round "5.17"]
[White "Hooper, John"]
[Black "Lynch, Oscar"]
[Result "0-1"]
[WhiteElo "1081"]
[BlackElo "1555"]

1. d4 d5 2. c4 e6 3. g3 Nf6 4. Bg2 Be7 5. Nf3 O-O 6. O-O Nc6 7. Nc3 Re8 8. Bf4
dxc4 9. Qc2 Nxd4 10. Nxd4 Qxd4 11. Nb5 Qb6 12. Nxc7 Bd7 13. Nxa8 Rxa8 14. Qxc4
Bb5 15. Qc2 Bc5 16. h3 Rc8 17. Qd2 Rd8 18. Qc2 Rc8 19. Qd2 Rd8 20. Qe1 Nh5 21.
Rd1 Re8 22. Kh2 e5 23. Bd2 Qa6 24. Bf3 Nf6 25. Rc1 Bd6 26. a3 h5 27. Bb4 Bb8
28. Rc2 h4 29. Bg2 e4 30. Bc3 Nh5 31. Kg1 hxg3 32. fxg3 Qb6+ 33. e3 Bxf1 34.
Bxf1 Bxg3 35. Qd2 Bf4 36. Bd4 Qg6+ 37. Kf2 Qg3+ 38. Ke2 Qf3+ 39. Ke1 Bg3+ 40.
Qf2 Bxf2+ 41. Rxf2 Qg3 42. Bxa7 Rc8 43. Be2 Rc2 44. Kf1 Rc1+ 0-1

[Event "Summer Cup"]
[Site "Wellington Chess Club"]
[Date "2022.03.10"]
[Round "6.1"]
[White "Ker, Anthony"]
[Black "Dive, Russell"]
[Result "1-0"]
[WhiteElo "2441"]
[BlackElo "2388"]

1. e4 e5 2. Nf3 Nf6 3. Nxe5 d6 4. Nf3 Nxe4 5. Nc3 Nxc3 6. dxc3 Be7 7. Be3 Nd7
8. Qd2 O-O 9. O-O-O Re8 10. Kb1 c6 11. h3 d5 12. Nd4 Nc5 13. f3 Bd7 14. g4 b5
15. h4 a5 16. g5 b4 17. c4 a4 18. h5 b3 19. g6 Qa5 20. gxf7+ Kxf7 21. Qxa5
bxa2+ 22. Kxa2 Rxa5 23. Bh3 Ra6 24. Bxd7 Nxd7 25. cxd5 cxd5 26. Nf5 Nf6 27. Bd4
Rc8 28. Rh2 Bc5 29. Bxc5 Rxc5 30. Rg1 d4 31. Nxd4 Rxh5 32. Rxh5 Nxh5 33. Ka3
Nf6 34. c4 Nd7 35. Rg5 g6 36. c5 h6 37. Rd5 Ke7 38. c6 Nb6 39. c7 Ra8 40. Rb5
Nd7 41. Rb4 Kd6 42. Nb5+ Kc6 43. c8=Q+ Rxc8 44. Na7+ Kc7 45. Rc4+ 1-0

[Event "Summer Cup"]
[Site "Wellington Chess Club"]
[Date "2022.03.10"]
[Round "6.2"]
[White "Cilia Vincenti, David"]
[Black "Zaslow, Henry"]
[Result "1-0"]
[WhiteElo "2219"]
[BlackElo "1932"]

1. Nf3 Nf6 2. b3 b5 $6 {This is a dubious move. The "exagerated fianchetto is
often tried when White ha already gone g3, and the plan is often to avoid a
transposition to the Catalan mainline by stopping White from playing c4. } 3.
e3 b4 4. a3 c5 5. axb4 cxb4 6. Bb2 e6 7. d4 Be7 8. Bd3 Bb7 9. O-O O-O 10. c4
bxc3 11. Nxc3 d5 12. Ne5 Nfd7 13. Na4 $2 { A mistake which allows Black to
exchange his light squared bishop.} 13... Nxe5 14. dxe5 Nd7 $2 {  Here 14...Ba6
would have solved many of Black's problems.  } 15. Bd4 Qb8 16. f4 a5 $2 { This
weakens b6 unnecessarily, it will now not be possible to exchange light squared
bishops. } 17. Qe2 { Logical, but the direct 17.Qh5 was even stronger.}  (17.
Qh5 g6 18. Qh6 Ba6 19. f5 $3) 17... Rc8 18. f5 $1 { Thematic, and now much
easier to see than in the above variation.} 18... exf5 $2 (18... Nxe5 19. fxe6
Nxd3 $2 20. exf7+ Kh8 21. Qxd3 Ba6 22. Bxg7+ $1 Kxg7 23. Qd4+ {was the critical
line that had to be calculated. I didn't see 22.Bxg7 and had to rely on
intuition.} ) 19. Bxf5 Ba6 20. Bxh7+ {The sacrifce was shouting out to be
played now.} 20... Kf8 21. Rxf7+ $1 {Deserves an exclamation mark for aesthetic
effect.} 21... Kxf7 22. Qh5+ Kf8 23. e6 {Simple enough. It's game over.} 23...
g6 24. Qxg6 { 1-0}